000 01597namaa22003371i 4500
005 20260224100732.0
008 251229s1995 ua a|||frm||| 000 0 eng d
040 _aEG-GICUC
_beng
_cEG-GICUC
_dEG-GICUC
_erda
041 0 _aeng
_beng
_bara
049 _aDeposit
097 _aPh.D
099 _aCai01.17.04.Ph.D.1995.Na.R.
100 0 _aNagat Said I. Habib,
_epreparation.
245 1 0 _aRelationship Between Rearing practices and psychosocial development of children below 3 years of age in A rural community /
_cBy Nagat Said I. Habib; Supervisors Prof. Dr. Laila M. kamel, Prof. Dr. Eman M. Mourad, Prof. Dr. Cheherezade Ghazi, Prof. Dr. Carol Brigham
246 1 5 _aالعلاقة بين الممارسات التربوية والنمو النفسي الاجتماعي للطفل تحت عمر الثلاث سنوات في المجتمع الريفي
264 0 _c1995.
300 _a176 Leaves :
_billustrations
_c30 cm. +
336 _2rda content
_atext
337 _2rdamedia
_aUnmediated
338 _2rdacarrier
_avolume
502 _aThesis (Ph.D)-Cairo University, 1995.
504 _aBibliography: pages 162-176
653 0 _adevelopment of children
_apsychosocial
700 0 _aLaila M. kamel
_ethesis advisor.
700 0 _aEman M. Mourad
_ethesis advisor.
700 0 _aCheherezade Ghazi
_ethesis advisor.
700 0 _aCarol Brigham
_ethesis advisor.
900 _DDepartment of Nursing Sciences
_FFaculty of Medicine
_UCairo University
_b1995
_cLaila M. kamel
_cEman M. Mourad
_cCheherezade Ghazi
_cCarol Brigham
905 _aNehad
_eNourhan
942 _2ddc
_cTH
_e21
_n0
999 _c177151